00493nam a22001817a 450000500170000001000150001702000260003203500140005803700130007208200110008510000180009624500460011425000120016026000380017227000520021030000290026250000200029120170821141600.0 aENG-119903 a9789386551382c195.00 aEN-103435 bDBAD/PUB a006.74 aMcGrath, Mike aHTML5 in easy steps /cby Mike McGrathb  a2nd ed. aNew DelhibBPB Publicationsc2017 a20 Ansari Road, Darya Ganj, bNew Delhie110002 a240p. :c23cm(pbk)bill. a Includes index